000 01370nam a22003977a 4500
001 14355554
003 OSt
005 20210420062341.0
008 860911m19879999us a b 00100 eng d
010 _a 86024500
020 _a0805396136 (v. 2)
025 _a000000031196
040 _aeng
_cNLM
_deng
_dVZY
049 _aYYEA
080 _a57
_bM-79
096 _aQH 611 M718w 1987
100 _9341
_aWatson, D. James
245 0 0 _aMolecular biology of the gene / Volume 2
_cJames D. Watson ... [et al.].
250 _a4th ed.
260 _aMenlo Park, Calif. :
_bBenjamin/Cummings,
_cc1987-
300 _a2 v. : volume 2 416 p. index 26 p. Both Volumes 1163 p.
_bill. ;
_c29 cm.
500 _aRev. ed. of: Molecular biology of the gene / James D. Watson. 3rd ed. c1976.
500 _ac.1 - location changed to RR as per Dr. J Warner 10/23/13.
504 _aIncludes bibliographies and index.
505 0 _av. 1. General principles. -- v. 2. Specialized aspects.
650 2 _aCytogenetics.
650 2 _aMolecular Biology.
653 _aბიოლოგია
653 _aმიკრობიოლოგია
653 _aციტოგენეტიკა
700 1 _aWatson, James D.,
_d1928-
700 _aHopkins, H. Nancy
_9342
700 _aRoberts, W. Jeffrey
_9343
700 _aWeiner, M. Alan
_9344
942 _2udc
_cBK
_e4
999 _c468
_d468